000 00390nam a2200157Ia 4500
008 230917s9999||||xx |||||||||||||| ||und||
040 _e54620
_aMAIN
041 _aEnglish
082 _a790 K945R
100 _aKraus, Richard
245 0 _aRecreation and leisure in modern society
250 _a2nd ed.
260 _aCalifornia
_bGoodyear
_c1978
300 _axii, 439 p.
942 _cBK
999 _c204749
_d204749